000 00440nam a2200169Ia 4500
008 230711s9999||||xx |||||||||||||| ||und||
020 _a978-93-392-1305-3
041 _aENG
082 _a658.15
_bKH-F
100 _aKhan,M.Y
245 0 _aFinancial management
250 _a7th Ed.
260 _c2014
_aNew Delhi
_bMcGraw Hill Education(India) Private Limited
650 _aUNIVESITY BUSNIESS SCHOOL
700 _aJain, P K
942 _cBK
999 _c5937
_d5937